Central Library OPAC University of Rajshahi

Ghalib -fiker o fan / (Record no. 38626)

MARC details
000 -LEADER
fixed length control field 00582nam a2200217 a 4500
001 - CONTROL NUMBER
control field 38626
003 - CONTROL NUMBER IDENTIFIER
rucl marc code BD-RjUL
005 - DATE AND TIME OF LATEST TRANSACTION
control field 20211209052830.0
008 - FIXED-LENGTH DATA ELEMENTS--GENERAL INFORMATION
fixed length control field 160127b1961 pk a|||| |||| 00| 0 urd d
035 ## - SYSTEM CONTROL NUMBER
System control number (BD-RjUL)
040 ## - CATALOGING SOURCE
Original cataloging agency BD-RjUL
Language of cataloging urd
Transcribing agency BD-RjUL
041 ## - LANGUAGE CODE
Language code of text/sound track or separate title urd
082 ## - DEWEY DECIMAL CLASSIFICATION NUMBER
Edition number 22
Classification number 891.43
Author mark and year SAG 1961
100 ## - MAIN ENTRY--PERSONAL NAME
Personal name Sabjwari,Shawkat
9 (RLIN) 119217
245 ## - TITLE STATEMENT
Title Ghalib -fiker o fan /
Statement of responsibility, etc. Shawkat Sabjwari
260 ## - PUBLICATION, DISTRIBUTION, ETC. (IMPRINT)
Place of publication, distribution, etc. pakistan :
Name of publisher, distributor, etc. anjuman taraki urdu,
Date of publication, distribution, etc. 1961.
300 ## - PHYSICAL DESCRIPTION
Pagination 264 p. ;
Size 24 cm.
504 ## - BIBLIOGRAPHY, ETC. NOTE
Bibliography, etc includes index
650 ## - SUBJECT ADDED ENTRY--TOPICAL TERM
Topical term or geographic name as entry element Literature [urdu]
9 (RLIN) 119111
942 ## - ADDED ENTRY ELEMENTS (KOHA)
Source of classification or shelving scheme Dewey Decimal Classification
Koha item type Books
Holdings
Lost status Source of classification or shelving scheme Damaged status Not for loan Collection code Permanent Location Current Location Shelving location Date acquired Source of acquisition Cost, normal purchase price Total Checkouts Full call number Date last seen Copy number Koha item type
  Dewey Decimal Classification     Non-fiction Central Library, University of Rajshahi Central Library, University of Rajshahi   16/05/1967 Mubarak 5.00   891.43 SAG 1961 27/01/2016 C-2 Books